[Event "It (open)"]
[Site "masterchessopen.com Differdange (Luxembourg)"]
[Date "2008.05.11"]
[Round "2"]
[White "Dzagnidze Nana (GEO)"]
[Black "Schlosser Philipp (GER)"]
[Result "1-0"]
[WhiteElo "2503"]
[BlackElo "2567"]

{ } 1.d4 Nf6 2.c4 e6 3.Nc3 Bb4 4.Qc2 d5 5.cxd5 exd5 6.Bg5 h6 7.Bh4 c5 8.dxc5
g5 9.Bg3 Ne4 10.e3 { ? } 10...Qf6 { +0.26 CAP } ( 10...Nc6 11.Nf3 Qf6 12.Bb5
Nxc3 13.Bxc6+ bxc6 14.a3 g4 15.Be5 Ne4+ 16.axb4 Qf5 17.Bxh8 gxf3 18.Rg1 Qg4
19.Qd1 Ng5 20.Qd4 Ne4 21.Qe5+ Be6 22.Qf4 Qg6 23.Qxf3 f6 24.Qf4 Kf7 25.f3 Ng5
26.Kd2 Qf5 27.h4 Qxf4 28.exf4 Nh7 29.g4 { 1-0, Kasparov Garry 2800 - Spassky
Boris V 2560 , Linares 1990 It (cat.16) } ) ( 10...Qa5 11.Ne2 Bf5 12.Be5 O-O
13.Nd4 Bg6 14.Nb3 Nxc3 15.Bxc3 Bxc2 16.Nxa5 Bxc3+ 17.bxc3 b6 18.Kd2 bxa5
19.Kxc2 Rc8 20.h4 Nd7 21.hxg5 Nxc5 22.gxh6 Ne4 23.c4 Nxf2 24.Rh4 f5 25.Rd4
dxc4 26.Bxc4+ Kh7 27.Rf1 Ng4 28.Kd2 Rab8 29.Rxf5 Rb2+ 30.Kd3 { ...1-0,
Kasparov Garry 2805 - Short Nigel D 2655 , London 1993 Ch World (match) (PCA)
} ) 11.Rc1 { N } ( 11.Bb5+ Nc6 12.Nf3 O-O 13.O-O Bxc3 14.bxc3 Nxc5 15.Nd4 Bd7
16.Nxc6 Bxc6 17.c4 Bxb5 18.cxb5 Rac8 19.Rac1 Rfd8 20.Rfd1 b6 21.Qc3 Qe6 22.h4
f6 23.hxg5 hxg5 24.Qd4 Kg7 25.f3 Qe8 26.Rb1 Ne6 27.Qd3 Rc4 28.Qf5 Rc5 29.Qd3
d4 30.exd4 Nxd4 { ...0-1, Lahlum Hans Olav 2207 - Gashimov Vugar 2663 ,
Tromsoe 10. 8.2007 It (open) "Arctic Chess Challenge" } ) ( 11.a3 Bxc3+
12.bxc3 Bf5 13.Bd3 Nd7 14.f3 Nxg3 15.hxg3 Bxd3 16.Qxd3 Rc8 17.Qd4 Rxc5 {
1/2-1/2, Gonda Laszlo 2507 - Saric Ante 2438 , Nova Gorica 28. 1.2008 It
(open) } ) ( 11.Ne2 Bf5 12.Qb3 Nxc5 13.Qxd5 { 1-0, Hosch William - Cox Hank,
Internet 1994 corr. } ) 11...Nc6 12.Bd3 Nxc5 13.Ne2 Nxd3+ 14.Qxd3 Bf5 15.Qb5
a6 { ?! } ( 15...Qe7 { !? } 16.O-O a6 17.Qxd5 Be6 18.Qf3 O-O 19.Rfd1 Rfd8
20.a3 Bxc3 21.Nxc3 Kg7 22.e4 { } ) 16.Qxb7 Ra7 17.Qb6 Ba5 18.Qb3 Bd3 19.O-O
Bxc3 20.Nxc3 Bxf1 21.Nxd5 Qg6 22.Rxc6 Qxc6 23.Qb8+ Kd7 24.Qxa7+ Ke6 25.e4 Re8
26.Qd4 { } {#r} 1-0

[Event "Memorial Djalma Baptista Caiafa (cat.1)"]
[Site "masterchessopen.com Rio de Janeiro (Brazil)"]
[Date "2008.06.01"]
[Round "3"]
[White "Guimaraes Wagner P (BRA)"]
[Black "Limp Eduardo (BRA)"]
[Result "0-1"]
[WhiteElo "2240"]
[BlackElo "2405"]

1.d4 Nf6 2.c4 e6 3.Nc3 Bb4 4.Qc2 d5 5.cxd5 exd5 6.Bg5 h6 7.Bh4 Nbd7 8.e3 c6
9.Bd3 O-O 10.Ne2 Re8 11.h3 Be7 12.Bg3 Nf8 13.O-O Bd6 14.Rae1 N8h7 15.Bxd6 Qxd6
16.Ng3 Bd7 17.Nf5 Bxf5 18.Bxf5 Ng5 19.f3 Re7 20.Qf2 Rd8 21.h4 Ngh7 22.g4 g6
23.Bb1 Kg7 24.Ne2 Rde8 25.Nf4 c5 26.Nd3 cxd4 27.exd4 Rxe1 28.Rxe1 Rxe1+
29.Qxe1 Nd7 30.Kg2 Nhf8 31.Qe3 Ne6 32.Bc2 Qa6 33.Bb3 {#R} 0-1

[Event "Memorial Djalma Baptista Caiafa (cat.1)"]
[Site "masterchessopen.com Rio de Janeiro (Brazil)"]
[Date "2008.06.02"]
[Round "5"]
[White "Guimaraes Wagner P (BRA)"]
[Black "Martins Jose Felix Perez (BRA)"]
[Result "1-0"]
[WhiteElo "2240"]
[BlackElo "2311"]

1.d4 Nf6 2.c4 e6 3.Nc3 Bb4 4.Qc2 d5 5.cxd5 exd5 6.Bg5 h6 7.Bh4 c5 8.O-O-O O-O
9.dxc5 Be6 10.e4 d4 11.Nf3 Bxc5 12.e5 g5 13.exf6 gxh4 14.Ne4 Nd7 15.Qd2 Nxf6
16.Nxc5 Rc8 17.b4 b6 18.Qxh6 bxc5 19.Qg5+ Kh8 20.Qxh4+ Kg7 21.Qg5+ Kh8 22.Ba6
Rc7 23.Kb2 Rg8 24.Qh4+ Kg7 25.Rhe1 Qd5 26.Rxe6 Qxe6 27.Qg3+ Kh8 28.Qxc7 Qxa6
29.Qxc5 Rxg2 30.Rd2 Qb6 31.Nxd4 Rxh2 32.Rc2 Kg7 33.Nf5+ Kg6 34.Ne7+ Kg7
35.Qg5+ Kf8 36.Nc6 Rxf2 37.Qh6+ Ke8 38.Qh8+ Kd7 39.Qh3+ Kc7 40.Qg3+ {#r} 1-0

[Event "Tournament \"]
[Site "masterchessopen.com Rio de Janeiro (Brazil)"]
[Date "2008.06.14"]
[Round "1"]
[White "Santos Celso Da Silva (BRA)"]
[Black "Horta Antonio Mauricio Rios (BRA)"]
[Result "1-0"]
[WhiteElo "2134"]
[BlackElo "2031"]

1.d4 Nf6 2.c4 e6 3.Nc3 Bb4 4.Qc2 d5 5.cxd5 exd5 6.Bg5 h6 7.Bh4 c6 8.e3 Nbd7
9.Bd3 Qe7 10.Ne2 O-O 11.a3 Ba5 12.b4 Bb6 13.O-O Bc7 14.h3 g5 15.Bg3 Nb6
16.Rfe1 Nh5 17.Bxc7 Qxc7 18.g4 Ng7 19.Ng3 Qd6 20.b5 Bd7 21.e4 dxe4 22.Ncxe4
Qxd4 23.Rad1 f5 24.Nc5 Bc8 25.Bxf5 Bxf5 26.Nxf5 Qf6 27.Ne7+ Kf7 28.Qb3+ Nd5
29.Rxd5 cxd5 30.Qxd5+ Ne6 31.Rxe6 Qxe7 32.Rxe7+ Kxe7 33.Qe6+ {#r} 1-0

[Event "Memorial Izmailov (open)"]
[Site "masterchessopen.com Tomsk (Russia)"]
[Date "2008.06.29"]
[Round "5"]
[White "Kiryushkina Valentina (RUS)"]
[Black "Karpov Viktor (RUS)"]
[Result "0-1"]
[WhiteElo "1880"]
[BlackElo "2149"]

1.d4 Nf6 2.c4 e6 3.Nc3 Bb4 4.Qc2 d5 5.cxd5 exd5 6.Bg5 h6 7.Bxf6 Qxf6 8.a3
Bxc3+ 9.Qxc3 O-O 10.e3 c6 11.Nf3 Bf5 12.Bd3 Be4 13.Bxe4 dxe4 14.Ne5 Qe6 15.O-O
Nd7 16.Nxd7 Qxd7 17.Qb3 Rad8 18.Rac1 Rfe8 19.Rfd1 Re6 20.Qc2 b6 21.Qe2 Qe7
22.Rc3 Rd5 23.b4 Qh4 24.f4 exf3 25.Qxf3 Rf6 26.Qe2 Rdf5 27.Rd2 Qe4 28.h3 Rg5
29.Qd3 Qh4 30.e4 Qe1+ 31.Kh2 Rf1 32.Qxf1 Qxf1 33.Rf2 Rxg2+ {#R} 0-1

[Event "It \"]
[Site "masterchessopen.com Ilyichevsk (Ukraine)"]
[Round "11"]
[White "Bakharev Andrei (MDA)"]
[Black "Sivuk Vitaly (UKR)"]
[Result "0-1"]
[WhiteElo "2136"]
[BlackElo "2321"]

1.d4 Nf6 2.c4 e6 3.Nc3 Bb4 4.Qc2 d5 5.cxd5 exd5 6.Bd2 O-O 7.Nf3 Re8 8.e3 c5
9.a3 Bxc3 10.Bxc3 c4 11.b3 cxb3 12.Qxb3 Ne4 13.Be2 Nc6 14.O-O Bf5 15.Rfc1 Rc8
16.Be1 Rc7 17.a4 g5 18.a5 g4 19.Nd2 Nxd2 20.Bxd2 Nxd4 21.exd4 Rxc1+ 22.Bxc1
Rxe2 23.Be3 Qxa5 24.Qd1 Qc3 25.h3 gxh3 26.Qxe2 Qxa1+ 27.Kh2 hxg2 28.Kxg2 Qb1
29.Qh5 Qe4+ 30.Kg3 Qe6 31.Kf4 Bg6 32.Qe5 Qxe5+ 33.Kxe5 Be4 34.Kd6 h5 35.Kc5 h4
36.Bf4 Kh7 37.Bb8 h3 {#R} 0-1

[Event "It (open) \"]
[Site "masterchessopen.com Medellin (Colombia)"]
[Date "2008.08.09"]
[Round "6"]
[White "Ramirez Carlos (COL)"]
[Black "Ospina Jhonny (COL)"]
[Result "1-0"]
[WhiteElo "2284"]
[BlackElo "2097"]

1.d4 Nf6 2.c4 e6 3.Nc3 Bb4 4.Qc2 d5 5.cxd5 exd5 6.Bg5 O-O 7.e3 c5 8.a3 Bxc3+
9.bxc3 cxd4 10.Bxf6 Qxf6 11.cxd4 Re8 12.Be2 Bf5 13.Qb2 Na6 14.Nf3 Rac8 15.O-O
Rc2 16.Qxb7 Rxe2 17.Qb5 Re6 18.Qxe2 Bg4 19.h3 Qf5 20.Rfc1 h5 21.hxg4 hxg4
22.Ne5 Rh6 23.Qxg4 {#r} 1-0

[Event "Ch France (accession)"]
[Site "masterchessopen.com Pau (France)"]
[Date "2008.08.15"]
[Round "4"]
[White "Vernay Clovis (FRA)"]
[Black "Rabineau Clement (FRA)"]
[Result "1-0"]
[WhiteElo "2341"]
[BlackElo "2260"]

1.d4 Nf6 2.c4 e6 3.Nc3 Bb4 4.Qc2 d5 5.cxd5 exd5 6.Bg5 Nbd7 7.e3 c5 8.dxc5 Qa5
9.Bd3 h6 10.Bh4 O-O 11.Ne2 Re8 12.O-O Qxc5 13.Rfd1 a6 14.Rac1 Bxc3 15.Nxc3 Qc6
16.Be2 Nb6 17.Qb3 Be6 18.Bxf6 d4 19.Qb4 dxc3 20.Bxc3 Nd5 21.Qd4 Nxc3 22.Rxc3
{#r} 1-0

[Event "It (open)"]
[Site "masterchessopen.com Stare Mesto (Czech Republic)"]
[Date "2008.08.15"]
[Round "9"]
[White "Bazant Petr Jr (CZE)"]
[Black "Snyta Zdenek (CZE)"]
[Result "1-0"]
[WhiteElo "2394"]
[BlackElo "2116"]

1.d4 Nf6 2.c4 e6 3.Nc3 Bb4 4.Qc2 d5 5.cxd5 exd5 6.Bg5 O-O 7.e3 h6 8.Bh4 c5
9.Bd3 Nc6 10.Ne2 cxd4 11.exd4 Be7 12.a3 Be6 13.O-O Rc8 14.Rad1 Kh8 15.Qd2 Ng8
16.Bxe7 Qxe7 17.Bb1 Rcd8 18.Nf4 a6 19.Rfe1 Qg5 20.h4 Qf6 21.Qd3 g6 22.Nxe6
fxe6 23.Qxg6 Qxg6 24.Bxg6 Rd6 25.Bf7 Nd8 26.Bxg8 Kxg8 27.Re3 b5 28.g4 Rc6
29.b3 Rc7 30.Kg2 Kg7 31.Ne2 Rc2 32.Nf4 Ra2 33.Rc1 Rxa3 34.Rc7+ Kg8 35.Ng6 e5
36.Ne7+ Kh8 37.dxe5 d4 38.Rf3 {#r} 1-0

[Event "It (open)"]
[Site "masterchessopen.com Vladimir (Russia)"]
[Date "2008.08.16"]
[Round "5"]
[White "Simonov Vladimir (RUS)"]
[Black "Bojarinov Victor A (RUS)"]
[Result "0-1"]
[WhiteElo "2231"]
[BlackElo "2307"]

1.d4 Nf6 2.c4 e6 3.Nc3 Bb4 4.Qc2 d5 5.cxd5 exd5 6.Bg5 c5 7.dxc5 h6 8.Bh4 g5
9.Bg3 Ne4 10.e3 Qf6 11.Bb5+ Bd7 12.Bxd7+ Nxd7 13.Ne2 Ndxc5 14.O-O Bxc3 15.bxc3
h5 16.Bc7 Rc8 17.f3 Rxc7 18.fxe4 Qg6 19.c4 O-O 20.cxd5 Qxe4 21.Qd2 Re7 22.Ng3
Qxe3+ 23.Qxe3 Rxe3 24.Rf5 f6 25.Nxh5 Nd7 26.Raf1 Rd3 27.Rc1 Kf7 28.Rc7 Kg6
29.g4 Ne5 30.Rg7+ Kh6 31.Rxb7 Nxg4 32.Ng3 Kg6 33.Rf1 Rf7 34.Rxf7 Kxf7 35.Rc1
Rxd5 36.Rc7+ Kg6 37.Rxa7 Rd1+ 38.Kg2 Rd2+ 39.Kh3 f5 40.Ra6+ Nf6 41.Nh5 Kxh5
42.Rxf6 g4+ 43.Kg3 Kg5 {#R} 0-1

[Event "It (open) \"]
[Site "masterchessopen.com Nuernberg (Germany)"]
[Date "2008.09.05"]
[Round "3"]
[White "Bromberger Stefan (GER)"]
[Black "Lauer Moritz (GER)"]
[Result "1-0"]
[WhiteElo "2504"]
[BlackElo "2291"]

1.d4 Nf6 2.c4 e6 3.Nc3 Bb4 4.Qc2 d5 5.cxd5 exd5 6.Bg5 h6 7.Bh4 O-O 8.Nf3 c5
9.e3 cxd4 10.Nxd4 Nbd7 11.Be2 Bxc3+ 12.Qxc3 Ne4 13.Bxd8 Nxc3 14.Be7 Re8 15.Bd6
Nxe2 16.Kxe2 b6 17.Rhc1 Ba6+ 18.Kd2 Rac8 19.Nc6 Rxc6 20.Rxc6 Re6 21.Rac1 Bb5
22.Rc8+ Kh7 23.Bg3 Kg6 24.b3 Nc5 25.Rd8 Ne4+ 26.Ke1 Bc6 27.Bb8 a5 28.f3 Nc5
29.Kd2 Na6 30.Bg3 {#r} 1-0

[Event "It (open)"]
[Site "masterchessopen.com Parla (Spain)"]
[Date "2008.09.13"]
[Round "8"]
[White "Herraiz Hidalgo Herminio (ESP)"]
[Black "Lopez Andujar Ocana Antonio (ESP)"]
[Result "1-0"]
[WhiteElo "2513"]
[BlackElo "2115"]

1.d4 Nf6 2.c4 e6 3.Nc3 Bb4 4.Qc2 d5 5.cxd5 exd5 6.Bg5 h6 7.Bh4 c5 8.dxc5 g5
9.Bg3 Ne4 10.e3 Qa5 11.Ne2 Bf5 12.Bxb8 Rxb8 13.Nd4 Nxc3 14.Qxf5 Ne4+ 15.Kd1
O-O 16.Bd3 Bxc5 17.Nb3 Qa4 18.Ke2 Be7 19.f3 Nf6 20.h4 Qd7 21.Nd4 Rfe8 22.Bb5
Qxf5 23.Nxf5 Bf8 24.Bxe8 Rxe8 25.hxg5 hxg5 26.Rac1 b6 27.Rc6 {#r} 1-0

[Event "Ch MGFSO (open)"]
[Site "masterchessopen.com Moscow (Russia)"]
[Date "2008.09.28"]
[Round "1"]
[White "Drozdova Dina (RUS)"]
[Black "Nastashuk Stanislav (RUS)"]
[Result "1-0"]
[WhiteElo "2158"]
[BlackElo "1930"]

1.d4 Nf6 2.c4 e6 3.Nc3 Bb4 4.Qc2 d5 5.cxd5 exd5 6.Bg5 h6 7.Bh4 O-O 8.e3 c5
9.dxc5 Re8 10.Bb5 Re4 11.Nf3 Nc6 12.O-O Bxc3 13.bxc3 Ne5 14.Bg3 Nxf3+ 15.gxf3
Re6 16.c4 a6 17.cxd5 Qxd5 18.Rfd1 axb5 19.Rxd5 Nxd5 20.Rd1 Nf6 21.Bh4 g5
22.Bg3 Bd7 23.e4 Bc6 24.Rd6 Rae8 25.h3 h5 26.Qd2 {#r} 1-0

[Event "It (open) \"]
[Site "masterchessopen.com Tatranske Zruby (Slovakia)"]
[Date "2008.09.28"]
[Round "2"]
[White "Obona Jan (SVK)"]
[Black "Rachela Milan (SVK)"]
[Result "0-1"]
[WhiteElo "2119"]
[BlackElo "2358"]

1.d4 Nf6 2.c4 e6 3.Nc3 Bb4 4.Qc2 d5 5.cxd5 exd5 6.Bg5 c5 7.dxc5 h6 8.Bh4 g5
9.Bg3 Ne4 10.e3 Qa5 11.Ne2 Bf5 12.Be5 O-O 13.Nd4 Re8 14.Bxb8 Nxc3 15.Nxf5 Ne4+
16.Ke2 Qa6+ 17.Kd1 Qf6 18.Nxh6+ Qxh6 19.Bd6 Qf6 20.Bd3 Nxf2+ 21.Ke2 Rxe3+ {#R}
0-1

[Event "World Mindsports Games (Blitz Team w)"]
[Site "masterchessopen.com Beijing (China)"]
[Date "2008.10.13"]
[Round "4"]
[White "Tsai Cindy (USA)"]
[Black "Rudolf Anna (HUN)"]
[Result "1-0"]
[WhiteElo "2152"]
[BlackElo "2318"]

1.d4 e6 2.c4 Nf6 3.Nc3 Bb4 4.Qc2 d5 5.cxd5 exd5 6.Bg5 c5 7.a3 Bxc3+ 8.bxc3 h6
9.Bh4 Nbd7 10.Nf3 Qa5 11.Nd2 cxd4 12.cxd4 O-O 13.e3 Ne4 14.Bd3 Ndf6 15.f3 Nxd2
16.Qxd2 Qb6 17.O-O Bd7 18.Rab1 Qd6 19.Rxb7 Rfb8 20.Bg3 Qc6 21.Rxb8+ Rxb8
22.Bxb8 Qa4 23.Qb4 Qc6 24.Bxa7 g6 25.Bc5 Kg7 26.Qb6 Qa4 27.Qb4 Qc6 28.Rb1 Qe6
29.Bb5 Qxe3+ 30.Kh1 Bf5 31.Re1 Qf2 32.Rf1 Qe3 33.Qe1 Qb3 34.a4 Bd3 35.Bxd3
Qxd3 36.Qd1 Qc3 37.Re1 Nh5 38.Re8 Nf4 39.Qe1 Qxe1+ 40.Rxe1 Nd3 41.Ra1 {#r} 1-0

[Event "World Mindsports Games (Blitz Team w)"]
[Site "masterchessopen.com Beijing (China)"]
[Date "2008.10.13"]
[Round "8"]
[White "Tsai Cindy (USA)"]
[Black "Yanjindulam Dulamsuren (MGL)"]
[Result "1-0"]
[WhiteElo "2152"]
[BlackElo "2286"]

1.d4 Nf6 2.c4 e6 3.Nc3 Bb4 4.Qc2 d5 5.cxd5 exd5 6.Bg5 h6 7.Bh4 O-O 8.e3 c5
9.dxc5 Bxc5 10.Rd1 g5 11.Bg3 Be6 12.Nf3 Bb4 13.Be2 Qc8 14.O-O Ne4 15.Be5 Nd7
16.Bd4 a6 17.Qb3 Bxc3 18.bxc3 Ndc5 19.Qb4 Qc7 20.Be5 Qc8 21.Nd4 b5 22.f3 f6
23.fxe4 fxe5 24.Nxe6 Rxf1+ 25.Kxf1 Nxe6 26.exd5 Nc5 27.Bf3 Qf8 28.Ke2 Re8
29.e4 Qd6 30.Rf1 Ra8 31.g3 Qb6 32.Bg4 a5 33.Qb1 Qd6 34.Qxb5 Rb8 35.Qxa5 Rb2+
36.Kd1 Nxe4 37.Qa8+ Rb8 38.Qa7 Nxc3+ 39.Kc2 Qg6+ 40.Kxc3 Rd8 41.Be6+ Kh8
42.Qf7 Qh5 43.Qxh5 {#r} 1-0

[Event "World Mindsports Games (Active Team)"]
[Site "masterchessopen.com Beijing (China)"]
[Date "2008.10.16"]
[Round "7"]
[White "Vavrak Peter (SVK)"]
[Black "Neubauer Martin (AUT)"]
[Result "1-0"]
[WhiteElo "2478"]
[BlackElo "2422"]

1.d4 Nf6 2.c4 e6 3.Nc3 Bb4 4.Qc2 d5 5.cxd5 exd5 6.Bg5 c5 7.a3 Bxc3+ 8.bxc3 h6
9.Bxf6 Qxf6 10.e3 Bf5 11.Qb3 Nc6 12.Qxd5 cxd4 13.cxd4 O-O 14.Be2 Rfe8 15.Nf3
Be4 16.Qh5 Rad8 17.O-O Rd5 18.Qh4 g5 19.Qg3 Ne7 20.Nd2 Bg6 21.Qc7 Nc6 22.Qxb7
Rb8 23.Qc7 Rdd8 24.Rac1 Rdc8 25.Qg3 {#r} 1-0

[Event "Memorial Vasylyshyn (cat.10)"]
[Site "masterchessopen.com Lvov (Ukraine)"]
[Date "2008.10.22"]
[Round "2"]
[White "Vovk Yuri (UKR)"]
[Black "Leniart Arkadiusz (POL)"]
[Result "1-0"]
[WhiteElo "2549"]
[BlackElo "2368"]

1.d4 Nf6 2.c4 e6 3.Nc3 Bb4 4.Qc2 d5 5.cxd5 exd5 6.Bg5 h6 7.Bh4 c5 8.dxc5 g5
9.Bg3 Ne4 10.e3 Qa5 11.Be5 O-O 12.Bd3 Nc6 13.Bxe4 Nxe5 14.Bxd5 Rd8 15.O-O-O
Be6 16.Nge2 Bxd5 17.Rxd5 Bxc3 18.Rxd8+ Rxd8 19.Nxc3 Nd3+ 20.Kb1 Nb4 21.Qf5 Rd2
22.Rc1 Qd8 23.a3 Nd3 24.Rc2 Nxf2 25.Nb5 Rd1+ 26.Ka2 Nd3 27.Nd6 Qe7 28.b4 Nc1+
29.Kb2 Nd3+ 30.Kb3 a5 31.Qc8+ Kh7 32.Qxb7 Qe6+ 33.Ka4 axb4 34.Nxf7 Nb2+
35.Rxb2 Rd7 36.Nd8 Qe8 37.Qc6 Qxd8 38.Qe4+ Kg7 39.axb4 Ra7+ 40.Kb5 Qb8+ 41.Kc4
Qg8+ 42.Qd5 Qf8 43.Kb3 Qf1 44.Qe5+ Kh7 45.Qe4+ Kg7 46.Rd2 Qf7+ 47.Qd5 Qe8
48.c6 Qxe3+ 49.Kc4 Qa3 50.Qd4+ {#r} 1-0

[Event "Ch World (juniors) (under 16)"]
[Site "masterchessopen.com Vung Tau (Vietnam)"]
[Date "2008.10.22"]
[Round "4"]
[White "Binder Michael (AUT)"]
[Black "Durarbeyli Vasif (AZE)"]
[Result "0-1"]
[WhiteElo "2181"]
[BlackElo "2434"]

1.d4 Nf6 2.c4 e6 3.Nc3 Bb4 4.Qc2 d5 5.cxd5 exd5 6.Bg5 c5 7.dxc5 h6 8.Bh4 g5
9.Bg3 Ne4 10.e3 Qa5 11.Ne2 Bf5 12.Bxb8 Rxb8 13.Nd4 Nxc3 14.Nxf5 Ne4+ 15.Ke2
Rc8 16.f3 Rxc5 17.Qd3 O-O 18.Nxh6+ Kh7 19.Nf5 Rfc8 20.Nd4 f5 21.g3 Rc3 22.bxc3
Rxc3 23.fxe4 Rxd3 24.Kxd3 Qc7 25.Ke2 Qc3 26.Bh3 Qb2+ {#R} 0-1

[Event "It (open)"]
[Site "masterchessopen.com Fouesnant (France)"]
[Date "2008.10.30"]
[Round "7"]
[White "Jolly Jean-Francois (FRA)"]
[Black "Inkiov Ventzislav (BUL)"]
[Result "0-1"]
[WhiteElo "2355"]
[BlackElo "2455"]

1.d4 Nf6 2.c4 e6 3.Nc3 Bb4 4.Qc2 d5 5.cxd5 exd5 6.a3 Bxc3+ 7.bxc3 Ne4 8.e3 c5
9.Bd3 O-O 10.Ne2 f5 11.c4 cxd4 12.Nxd4 Nc6 13.Bb2 Qa5+ 14.Ke2 Nxd4+ 15.Bxd4
Be6 16.f3 Rac8 17.Rhc1 dxc4 18.Bxe4 fxe4 19.Qxe4 Bf5 20.Qxb7 Bd3+ 21.Kf2 Rc7
22.Qb4 Qd5 23.Kg1 h5 24.a4 h4 25.Qb5 Qf7 26.h3 Qg6 27.Ra2 Kh7 28.Kh1 Rcf7
29.Qe5 Rf5 30.Qe7 Qg3 31.e4 R8f7 32.Bf2 Rxe7 33.Bxg3 hxg3 34.exf5 Bxf5 35.Ra3
Re2 36.Kg1 Bd3 37.Rd1 a5 38.Raxd3 cxd3 39.Kf1 Rf2+ 40.Ke1 Rxg2 41.Rxd3 Rg1+
42.Ke2 Ra1 {#R} 0-1

[Event "Czech League 2008/09 (krajsky prebor)"]
[Site "masterchessopen.com Czech Republic"]
[Date "2008.11.02"]
[Round "2"]
[White "Pokorny Tomas (CZE)"]
[Black "Simek Jan (CZE)"]
[Result "1-0"]
[WhiteElo "2245"]
[BlackElo "2141"]

1.d4 Nf6 2.c4 e6 3.Nc3 Bb4 4.Qc2 d5 5.cxd5 exd5 6.Bg5 c5 7.dxc5 h6 8.Bd2 Nc6
9.e3 O-O 10.Nf3 Bg4 11.Be2 Bxc5 12.Nb5 Bb6 13.O-O Re8 14.Rfd1 a6 15.Nc3 Qd6
16.h3 Bh5 17.Na4 Bc7 18.Qc5 Qe6 19.Bc3 Bd6 20.Qb6 Ne4 21.Rac1 Re7 22.Bd4 Bc7
23.Qb3 Nxd4 24.Rxd4 Bxf3 25.Bxf3 Qe5 26.Rcd1 b5 27.Nc3 Nxf2 28.Nxd5 Nxd1
29.Nxe7+ Qxe7 30.Bxa8 Nxe3 31.Re4 Qd8 32.Bc6 Qd6 33.Qxe3 Qxc6 34.Re8+ Kh7
35.Qe4+ Qg6 36.Qxg6+ Kxg6 37.Rc8 Be5 38.b3 a5 39.Kf1 a4 40.bxa4 bxa4 41.Ra8
{#r} 1-0

[Event "Ch Lithuania (team) (2 liga)"]
[Site "masterchessopen.com Lithuania"]
[Date "2008.11.08"]
[Round "1"]
[White "Dubinskas Konstantinos (LTU)"]
[Black "Mickus Arvydas (LTU)"]
[Result "1-0"]
[WhiteElo "2094"]
[BlackElo "2192"]

1.d4 Nf6 2.c4 e6 3.Nc3 Bb4 4.Qc2 d5 5.cxd5 exd5 6.Nf3 O-O 7.a3 Be7 8.Bf4 c6
9.e3 Nh5 10.Be5 Nd7 11.Bd3 g6 12.O-O Nxe5 13.Nxe5 Ng7 14.h3 Bf5 15.Na4 Bxd3
16.Nxd3 Ne6 17.Rfb1 f5 18.f4 g5 19.g3 gxf4 20.gxf4 Qe8 21.b4 Kh8 22.Kh2 Qh5
23.Qd1 Qh6 24.Nac5 Nxc5 25.bxc5 Rab8 26.Ne5 Qe6 27.Qh5 b6 28.cxb6 axb6 29.Rg1
Rf6 30.Rg2 Bd6 31.Rag1 Bxe5 32.fxe5 Rf7 33.Qg5 Ra7 34.Qh5 c5 35.Rg6 Qf7 36.Qh6
cxd4 37.exd4 b5 38.Rf6 Qc7 {#r} 1-0

[Event "Memorial Baharov (open)"]
[Site "masterchessopen.com Sofia (Bulgaria)"]
[Date "2008.11.10"]
[Round "3"]
[White "Stanoev Atanas (BUL)"]
[Black "Drenchev Petar (BUL)"]
[Result "0-1"]
[WhiteElo "2259"]
[BlackElo "2443"]

1.d4 Nf6 2.c4 e6 3.Nc3 Bb4 4.Qc2 d5 5.cxd5 exd5 6.Bg5 h6 7.Bh4 c5 8.dxc5 g5
9.Bg3 Ne4 10.e3 Qa5 11.Ne2 Bf5 12.Be5 O-O 13.Nd4 Re8 14.Bxb8 Bg6 15.Bd3 Raxb8
16.O-O Qxc5 17.Nxe4 dxe4 18.Qxc5 Bxc5 19.Bb5 Red8 20.Rfd1 Bxd4 21.Rxd4 Rxd4
22.exd4 Rc8 23.b3 Rc2 24.Bc4 Kf8 25.h3 Rd2 26.d5 f5 27.a4 Ke7 28.Kf1 f4 29.Re1
Kd6 30.Re2 Rd1+ 31.Re1 Rxe1+ 32.Kxe1 Bf7 33.b4 Bxd5 34.Be2 e3 35.fxe3 fxe3
36.g3 Ke5 {#R} 0-1

[Event "It (open)"]
[Site "masterchessopen.com Liberec (Czech Republic)"]
[Date "2008.11.20"]
[Round "7"]
[White "Jina Lubos (CZE)"]
[Black "Novotny Lubos (CZE)"]
[Result "1-0"]
[WhiteElo "1953"]
[BlackElo "1948"]

1.d4 Nf6 2.c4 e6 3.Nc3 Bb4 4.Qc2 d5 5.cxd5 exd5 6.e3 c6 7.Nf3 O-O 8.Be2 Bg4
9.O-O Bd6 10.h3 Bh5 11.Nh4 Bxe2 12.Qxe2 Re8 13.b3 Nbd7 14.Qf3 g6 15.Qe2 Ne4
16.Nxe4 Rxe4 17.Nf3 Qe7 18.Qd3 Re8 19.Bb2 f6 20.Rae1 Bb8 21.g3 Nf8 22.Bc1 Kg7
23.Nd2 Re6 24.Nb1 f5 25.Bd2 Nd7 26.Nc3 Nf6 27.Kg2 h5 28.Ne2 Ne4 29.Nf4 Bxf4
30.gxf4 Qh4 31.Re2 Kh6 32.Be1 Qe7 33.f3 Nd6 34.Bd2 Kh7 35.Kh2 Qc7 36.Rg1 Qb6
37.Reg2 Qb5 38.Qc2 Rc8 39.Qb1 Rg8 40.Bc1 Qa6 41.Qc2 Nb5 42.Qf2 Qb6 43.Qh4 Qd8
44.Rg5 Qd6 45.Rxh5+ gxh5 46.Qxh5+ Rh6 47.Qf7+ {#r} 1-0

[Event "Ch City (1/2 final)"]
[Site "masterchessopen.com Omsk (Russia)"]
[Date "2008.12.04"]
[Round "5"]
[White "Usatchev Sergei (RUS)"]
[Black "Bereziy Petr (RUS)"]
[Result "1-0"]
[WhiteElo "1842"]
[BlackElo "1794"]

1.d4 Nf6 2.c4 e6 3.Nc3 Bb4 4.Qc2 d5 5.cxd5 exd5 6.Bg5 c5 7.O-O-O Bxc3 8.Bxf6
Bxb2+ 9.Kxb2 Qxf6 10.Qxc5 Be6 11.Nf3 Nc6 12.e3 Rc8 13.Bb5 a6 14.Bxc6+ Rxc6
15.Qa3 Bg4 16.Rc1 Rd6 17.Rc7 O-O 18.Rhc1 Rb8 19.Ka1 h6 20.Ne5 Bh5 21.Nd7 Rxd7
22.Rxd7 b5 23.Qd6 Qxd6 24.Rxd6 {#r} 1-0

[Event "Ch Ukraine"]
[Site "masterchessopen.com Poltava (Ukraine)"]
[Date "2008.12.05"]
[Round "4"]
[White "Vovk Yuri (UKR)"]
[Black "Zherebukh Yaroslav (UKR)"]
[Result "1-0"]
[WhiteElo "2549"]
[BlackElo "2473"]

1.d4 Nf6 2.c4 e6 3.Nc3 Bb4 4.Qc2 d5 5.cxd5 exd5 6.Bg5 c5 7.dxc5 h6 8.Bh4 g5
9.Bg3 Ne4 10.e3 Qa5 11.Ne2 Bf5 12.Be5 O-O 13.Nd4 Nd7 14.Nxf5 Nxe5 15.Ne7+ Kg7
16.Nxd5 Bxc3+ 17.bxc3 Rfd8 18.Rd1 Nf6 19.Nxf6 Rxd1+ 20.Qxd1 Qxc3+ 21.Qd2 Qa1+
22.Ke2 Kxf6 23.g3 Nc4 24.Bg2 Qe5 25.Qb4 Qe6 26.Rd1 Re8 27.Rd4 Nxe3 28.Re4
Qxa2+ 29.Kxe3 Rd8 30.Qc3+ Kg6 31.Re7 {#r} 1-0

[Event "It (masters)"]
[Site "masterchessopen.com Hastings (England)"]
[Date "2009.01.04"]
[Round "8"]
[White "Eames Robert (ENG)"]
[Black "Flear Christine (FRA)"]
[Result "1-0"]
[WhiteElo "2286"]
[BlackElo "2148"]

1.d4 Nf6 2.c4 e6 3.Nc3 Bb4 4.Qc2 d5 5.cxd5 exd5 6.Bg5 h6 7.Bh4 c5 8.dxc5 g5
9.Bg3 Ne4 10.e3 Qa5 11.Ne2 Bf5 12.Be5 O-O 13.Nd4 Nxc3 14.Nxf5 Ne4+ 15.Kd1 Nc6
16.Bd4 Nxd4 17.exd4 Be1 18.Kc1 Rfe8 19.Bd3 Bd2+ 20.Kb1 Nxf2 21.Rf1 Re6 22.a3
Nxd3 23.Qxd3 Rae8 24.Ka2 Bf4 25.g3 Qd2 26.Qb3 Be3 27.Qxd5 Bf2 28.Rad1 Qc2
29.h4 g4 30.Rc1 Qd3 31.Rxf2 Kh8 32.Nd6 Qxg3 33.Rxf7 {#r} 1-0

[Event "It \"]
[Site "masterchessopen.com Peterhof (Russia)"]
[Date "2009.01.15"]
[Round "3"]
[White "Khuseinkhodzhaev Muhammad (TJK)"]
[Black "Brodsky Michail (UKR)"]
[Result "0-1"]
[WhiteElo "2381"]
[BlackElo "2522"]

1.d4 Nf6 2.c4 e6 3.Nc3 Bb4 4.Qc2 d5 5.cxd5 exd5 6.Bg5 c5 7.dxc5 h6 8.Bh4 g5
9.Bg3 Ne4 10.Bxb8 Qf6 11.Bg3 Nxc3 12.a3 Bf5 13.Qd2 Ba5 14.b4 Ne4 15.Qc1 Rc8
16.Ra2 Rxc5 17.Qa1 Qc6 18.Qe5+ Kd8 19.Rd2 Nxd2 20.Qxh8+ Kd7 21.Qe5 Rc1+
22.Kxd2 Qc2+ 23.Ke3 Bb6+ 24.Kf3 Qe4+ 25.Qxe4 dxe4# 0-1